Sports Quiz

Random Sports Quiz
Score 0/20 Timer 05:00
0 Plays Today
% Correct
Mesut Ozil
97.7%
Danny Welbeck
97.7%
Alexis Sanchez
93%
Theo Walcott
93%
Aaron Ramsey
90.7%
Santi Cazorla
87.2%
David Ospina
87.2%
Olivier Giroud
84.9%
Mathieu Debuchy
82.6%
Per Mertesacker
82.6%
% Correct
Wojciech Szczesny
81.4%
Tomas Rosicky
81.4%
Jack Wilshere
77.9%
Mikel Arteta
76.7%
Kieran Gibbs
75.6%
Alex Oxlade-Chamberlain
74.4%
Laurent Koscielny
72.1%
Francis Coquelin
67.4%
Mathieu Flamini
65.1%
Calum Chambers
55.8%
Remove Ads.
Support Sporcle.
Get the best of Sporcle when you Go Orange. This ad-free experience offers more features, more stats, and more fun while also helping to support Sporcle. Thank you for becoming a member.

You're not logged in!

Compare scores with friends on all Sporcle quizzes.
OR
Log In

Show Comments

Extras

Created Feb 17, 2015ReportNominate
Tags:Arsenal

Top Quizzes Today


Score Distribution

Your Account Isn't Verified!

In order to create a playlist on Sporcle, you need to verify the email address you used during registration. Go to your Sporcle Settings to finish the process.

Report this User

Report this user for behavior that violates our Community Guidelines.

Details: